Microeconomics for public decisions

This upper-level textbook presents the fundamentals of microeconomics and the market economy, examines topics central to public sector decision making<-->such as the economic role of government and cases where markets and governments fail to achieve desired outcomes<-->describes analytic...

Description complète

Enregistré dans:
Détails bibliographiques
Auteur principal: Steinemann, Anne C.
Format: Livre
Langue:Undetermined
Publié: Australia Thomson Learrning 2005
Sujets:
Tags: Ajouter un tag
Pas de tags, Soyez le premier à ajouter un tag!
Thư viện lưu trữ: Trung tâm Học liệu Trường Đại học Cần Thơ
LEADER 01022nam a2200205Ia 4500
001 CTU_116818
008 210402s9999 xx 000 0 und d
020 |c 113.41 
082 |a 338.5 
082 |b S822 
100 |a Steinemann, Anne C. 
245 0 |a Microeconomics for public decisions 
245 0 |c Anne C. Steinemann, William C. Apgar, H. James Brown 
260 |a Australia 
260 |b Thomson Learrning 
260 |c 2005 
520 |a This upper-level textbook presents the fundamentals of microeconomics and the market economy, examines topics central to public sector decision making<-->such as the economic role of government and cases where markets and governments fail to achieve desired outcomes<-->describes analytic techniques for assessing benefits and costs that occur over time, and applies cost-benefit analysis to a proposed bridge, a recreational facility, and an air pollution policy. 
650 |a Microeconomics 
904 |i Minh 
980 |a Trung tâm Học liệu Trường Đại học Cần Thơ